000 00734nam a2200289 a 4500
003 AR-BaBNM
005 20251128203229.0
008 082120s2002 ||||||||||||||000 | spa||
020 _a950-05-0295
040 _cAR-BaBNM
245 0 0 _aNuestros poetas y las malvinas
250 _a1ª ed.
260 _aBuenos Aires
_bEdiciones Corregidor
_c1983
300 _a218 p.
650 4 _aLITERATURA ARGENTINA
650 4 _aPOESIA
650 4 _aANTOLOGIAS
650 4 _aESCRITORES
650 4 _aNACIONALISMO
650 4 _aIDENTIDAD CULTURAL
651 4 _aIslas Malvinas
655 _aLITERATURA
700 1 _aMüller, Agueda
_ecompilador
700 1 _aPeltzer, Federico J.M.
_eprologuista
942 _cBK
998 _cMARTIN
999 _c2499
_d2499